| 000 | 01043nam a22002417a 4500 | ||
|---|---|---|---|
| 999 |
_c65946 _d65946 |
||
| 005 | 20240530110851.0 | ||
| 008 | 200912s2019 ua a f b 000 0dara d | ||
| 017 |
_a2016/9875 _bمصر. دار الكتب |
||
| 020 | _a9789779206622 | ||
| 040 |
_aEG-CaGPL _cEG-CaGPL |
||
| 082 | 0 | 4 |
_221 _a962.031 _bق/د ت |
| 100 | 1 | _aداجنت ، روجيه جوانت | |
| 245 | 1 | 0 |
_aتاريخ البحر الاحمر من ديليسيبس حتى اليوم / _cتاليف روجيه جوانت داجنت ؛ ترجمة وتقديم حسن نصرالدين |
| 250 | _aط.1 | ||
| 260 |
_aالقاهرة : _bالمركز القومى للترجمة ، _c2019 |
||
| 300 |
_a2 جزء ؛ _c24 سم. |
||
| 504 | _aيشتمل على ارجاعات ببليوجرافية | ||
| 651 | 0 | 7 |
_2qrmak _aالبحر الاحمر _xتاريخ _yالعصر الحديث |
| 651 | 0 | 7 |
_aالبحر الاحمر _xتاريخ _2qrmak |
| 700 | 0 |
_aحسن نصرالدين _eمترجم ومقدم |
|
| 942 |
_2ddc _cBK |
||